Thermal Safety of Chemical Processes Risk Assessment and Process Design

Saved in:
Bibliographic Details
Main Author: Stoessel, Francis
Format: Book
Language:English
Published: Weinheim Wiley-VCH Verlag 2008
Subjects:
Online Access:View in OPAC
Tags: Add Tag
No Tags, Be the first to tag this record!

MARC

LEADER 00000nam a2200000 a 4500
005 20260127134407.0
008 081104 2008 gw 000 0 eng d
020 |a 9783527317127 
035 |a vtls009356856 
039 9 |y 200811041211  |z mschk03 
040 |a STUSCHK1  |b slo  |c STUSCHK1  |e AACR2 
100 1 |a Stoessel, Francis 
245 1 |a Thermal Safety of Chemical Processes  |b Risk Assessment and Process Design  |c Francis Stoessel 
260 |a Weinheim  |b Wiley-VCH Verlag  |c 2008 
300 |a xix, 374 s.  |b il.  |c 24,5 cm 
650 0 |a Thermal Safety 
650 0 |a Chemical processes 
910 |a SCHK95 
919 |a 978-3527-31712-7 
999 |c 11650  |d 11650